000 01616cam a22003974i 4500
003 PE-LiUPU
005 20250731184547.0
008 150625s r 000 0 d
035 _a(Sirsi) a32072
040 _aPE-LiUPU
_bspa
_cPE-LiUPU
_erda
082 0 4 _a931.04
_bA16
_221
110 2 _aAcademia Politico-Militar de Tung-Pei
245 1 0 _aHistoria de China contemporanea.
264 1 _aBarcelona :
_bViento del este,
_c[19_ ].
336 _atext
_2rdacontent
337 _aunmediated
_2rdamedia
338 _avolume
_2rdacarrier
505 0 _aLa revolución democrática de viejo tipo en China. - El ''movimiento de 4 de mayo''. - La revolución de 1925-1927. - La agresión japonesa. - El acuerdo de Tang-ku y la larga marcha. - Desarrollo del movimiento popular. - El incidente de Si-an. - Primera fase de la guerra. - La lucha de la unión de las fuerzas. - Campña contra los liberados. - China en la segunda guerra mundial. - De Yen-an a Pekín.
526 _aP136
526 _aP135
526 _aP134
526 _aP133
526 _aP144
526 _aP143
526 _aP87
526 _aP35
526 _aP20
526 _aP14
526 _aP10
526 _aP06
942 _2ddc
_cBOOK
949 _a931.04 A16
_wDEWEY
_c1
_i36845
_lCCODEBUL1
_mBUL
_p00.00
_r0
_sY
_tBOOK
_u2015-06-25
_xBIBLIOTECA
_zUNKNOWN
_0COMPRA
_o.STAFF. Colección General
596 _a1
999 _a931.04 A16
_wDEWEY
_c39691
_i36845
_f2021-11-8
_g5
_lCCODEBUL1
_mBUL
_r0
_sY
_tBOOK
_u2015-6-25
_xBIBLIOTECA
_zUNKNOWN
_0COMPRA
_o.STAFF. Colección General
_d39691
980 _81
_gALBERTO SANCHEZ Responsable de Automatización